000 00423nam a2200157 i 4500
001 38656
003 ES-MaACL
005 20230906155809.0
007 t|
008 030226q19001999xxk ||||1| eng d
100 1 _aBury, John Bagnell.
_932798
245 1 2 _aA history of freedon of thought /
_cJ.B. Bury.
260 _aLondon :
_bWilliams and Norgate,
_c[19--?]
300 _a256 p. ;
_c19 cm.
852 _aES-MaACL
_jC-2730
999 _c38656
_d38656